[Event "SVK-chT4 A21 2223"]
[Site "Slovakia"]
[Date "2023.03.12"]
[Round "10.4"]
[White "Otepka, Vladimir"]
[Black "Zajicek, Ferdinand"]
[Result "0-1"]
[WhiteElo "1704"]
[BlackElo "1653"]
[PlyCount "92"]
[EventDate "2022.10.09"]
[EventType "team-tourn"]
[EventRounds "11"]
[EventCountry "SVK"]
[SourceTitle "EXT 2024"]
[Source "ChessBase"]
[SourceDate "2023.10.10"]
[SourceVersion "1"]
[SourceVersionDate "2023.10.10"]
[SourceQuality "1"]
[WhiteTeam "Myjava Spartak"]
[BlackTeam "Petrova Ves"]
[WhiteTeamCountry "SVK"]
[BlackTeamCountry "SVK"]

1. d4 c5 2. Nf3 cxd4 3. Nxd4 Nf6 4. Nc3 d6 5. e4 Bd7 6. Bc4 Nc6 7. Be3 g6 8. f3 Bg7 9. Qd2 a6 10. Qf2 Ne5 11. Bb3 Rc8 12. h3 Nc4 13. Bxc4 Rxc4 14. Qd2 Qa5 15. Nb3 Qc7 16. 0-0-0 0-0 17. Bh6 Rc8 18. Bxg7 Kxg7 19. g4 b5 20. g5 Ne8 21. Kb1 Be6 22. Rh2 b4 23. Nd5 Bxd5 24. Qxd5 Rxc2 25. Rhh1 Qc4 26. h4 Qxd5 27. exd5 Rf2 28. Nd4 Rc5 29. Rd3 Nc7 30. Rhd1 a5 31. Nb3 Rcc2 32. Nd2 Rc5 33. Ne4 Rh2 34. Nxc5 dxc5 35. d6 exd6 36. Rxd6 Rxh4 37. R1d3 Ne6 38. Rc6 Rh1+ 39. Kc2 Nd4+ 40. Rxd4 cxd4 41. Rd6 Rh2+ 42. Kb3 Rf2 43. Rxd4 Rxf3+ 44. Ka4 Rf5 45. Rd7 Rxg5 46. Ra7 h5 0-1

[Event "SVK-chT4 A21 2223"]
[Site "Slovakia"]
[Date "2023.02.26"]
[Round "9.5"]
[White "Otepka, Vladimir"]
[Black "Tomasovic, Roman"]
[Result "1-0"]
[WhiteElo "1704"]
[BlackElo "1550"]
[PlyCount "87"]
[EventDate "2022.10.09"]
[EventType "team-tourn"]
[EventRounds "11"]
[EventCountry "SVK"]
[SourceTitle "EXT 2024"]
[Source "ChessBase"]
[SourceDate "2023.10.10"]
[SourceVersion "1"]
[SourceVersionDate "2023.10.10"]
[SourceQuality "1"]
[WhiteTeam "Myjava Spartak"]
[BlackTeam "Stefanov"]
[WhiteTeamCountry "SVK"]
[BlackTeamCountry "SVK"]

1. d4 d5 2. c4 e6 3. Nc3 Nf6 4. Bg5 Be7 5. e3 b6 6. Bd3 Bb7 7. Nf3 Nbd7 8. 0-0 Ne4 9. Bxe7 Qxe7 10. Rc1 Nxc3 11. Rxc3 c5 12. cxd5 exd5 13. Bb5 0-0 14. Qa4 Nf6 15. Ne5 Ne4 16. Rc2 c4 17. Bc6 Rfc8 18. Bxb7 Qxb7 19. f3 b5 20. Qb4 a5 21. Qe1 Nd6 22. Qg3 Qe7 23. Qe1 f6 24. Ng4 Re8 25. Re2 b4 26. Qd2 Rac8 27. Rfe1 Qb7 28. Nf2 Nb5 29. e4 dxe4 30. Nxe4 Qd7 31. d5 Re5 32. Rd1 h6 33. f4 Ree8 34. Rde1 Qa7+ 35. Kf1 Kh8 36. d6 Red8 37. Qd5 Qa6 38. Rd1 c3 39. d7 Rc7 40. Nc5 c2 41. Rde1 Rxc5 42. Qxc5 Rxd7 43. Re8+ Kh7 44. Qf5+ 1-0

[Event "SVK-chT4 A21 2223"]
[Site "Slovakia"]
[Date "2022.10.09"]
[Round "1.4"]
[White "Otepka, Vladimir"]
[Black "Skreko, Jan"]
[Result "1-0"]
[WhiteElo "1720"]
[BlackElo "1512"]
[PlyCount "99"]
[EventDate "2022.10.09"]
[EventType "team-tourn"]
[EventRounds "11"]
[EventCountry "SVK"]
[SourceTitle "EXT 2024"]
[Source "ChessBase"]
[SourceDate "2023.10.10"]
[SourceVersion "1"]
[SourceVersionDate "2023.10.10"]
[SourceQuality "1"]
[WhiteTeam "Myjava Spartak"]
[BlackTeam "Smolenice"]
[WhiteTeamCountry "SVK"]
[BlackTeamCountry "SVK"]

1. e4 e5 2. Nf3 Nc6 3. Nc3 d6 4. Bb5 Nge7 5. a3 Bd7 6. 0-0 h6 7. d4 exd4 8. Nxd4 Ne5 9. f4 Bxb5 10. Ndxb5 N5c6 11. Nd5 Nxd5 12. exd5 Ne7 13. Re1 Qd7 14. c4 a6 15. Nd4 0-0-0 16. Qc2 Ng6 17. Be3 Be7 18. Rab1 Rhe8 19. f5 Ne5 20. Ne6 Bh4 21. Nxd8 Kxd8 22. Bf2 Bxf2+ 23. Qxf2 b6 24. Qc2 f6 25. b4 Ke7 26. Rbd1 c5 27. dxc6 Qxc6 28. Qd3 Rd8 29. Qd5 Qxd5 30. cxd5 Kd7 31. a4 Rc8 32. Rc1 Rc4 33. Rxc4 Nxc4 34. Re2 Ne5 35. h3 Nd3 36. Re4 Ne5 37. Kf1 b5 38. axb5 axb5 39. Ke2 Kc7 40. Ke3 Kd7 41. Kd4 Nc4 42. Kc3 Nb6 43. Rd4 Na4+ 44. Kb3 Nb6 45. g4 Nc4 46. Rxc4 bxc4+ 47. Kxc4 Kc7 48. Kb5 Kb7 49. h4 h5 50. gxh5 1-0

[Event "SVK-chT4 A21 1920"]
[Site "Slovakia"]
[Date "2019.12.15"]
[Round "5.5"]
[White "Otepka, Vladimir"]
[Black "Kuracina, Lubomir"]
[Result "1-0"]
[WhiteElo "1737"]
[BlackElo "1397"]
[PlyCount "152"]
[EventDate "2019.10.13"]
[EventType "team-tourn"]
[EventRounds "11"]
[EventCountry "SVK"]
[SourceTitle "CBM 194 Extra"]
[Source "ChessBase"]
[SourceDate "2020.03.31"]
[SourceVersion "1"]
[SourceVersionDate "2020.03.31"]
[SourceQuality "1"]
[WhiteTeam "Myjava Spartak"]
[BlackTeam "Chtelnica Kamenar"]
[WhiteTeamCountry "SVK"]
[BlackTeamCountry "SVK"]

1. d4 d5 2. c4 c6 3. e3 e6 4. Nf3 Bb4+ 5. Bd2 Bxd2+ 6. Nbxd2 Nf6 7. Qc2 0-0 8. Bd3 g6 9. 0-0 Nh5 10. Be2 a6 11. Ne5 Ng7 12. Rac1 Nd7 13. Ndf3 f6 14. Nd3 Qe7 15. cxd5 exd5 16. Nc5 Nxc5 17. Qxc5 Qxc5 18. Rxc5 Bg4 19. h3 Bxf3 20. Bxf3 f5 21. g3 h5 22. h4 Rae8 23. Rd1 Rf6 24. Rdc1 Re7 25. b4 Kf7 26. a4 Ke8 27. Kf1 Kd7 28. b5 axb5 29. axb5 Ree6 30. bxc6+ Rxc6 31. Rxd5+ Kc7 32. Rdc5 Rxc5 33. Rxc5+ Kb6 34. Rc1 Ka7 35. Rc7 Ne6 36. Rxb7+ Ka6 37. Rd7 Nf8 38. Rd8 Kb6 39. Ke2 Kc7 40. Ra8 Ne6 41. Kd3 Kd7 42. Ra7+ Nc7 43. Ra2 Ra6 44. Rxa6 Nxa6 45. Kc4 Nc7 46. Bd5 Ke7 47. f3 Kf6 48. Kc5 g5 49. Kc6 Na6 50. Kb5 Nc7+ 51. Kc4 f4 52. hxg5+ Kxg5 53. exf4+ Kf5 54. Be4+ Kf6 55. d5 Na6 56. Kb5 Nb8 57. Kb6 Nd7+ 58. Kc6 Nb8+ 59. Kc7 Na6+ 60. Kb6 Nb4 61. Kc7 Na6+ 62. Kd6 Nb4 63. Bb1 Kf7 64. Ke5 Kg7 65. f5 Kf8 66. Ke6 Ke8 67. f6 Kf8 68. Be4 Ke8 69. d6 Na6 70. Bg6+ Kf8 71. Bxh5 Nc5+ 72. Kd5 Nd7 73. Kc6 Nb8+ 74. Kc7 Na6+ 75. Kc8 Nc5 76. d7 Ne6 1-0

[Event "SVK-chT4 A21 1920"]
[Site "Slovakia"]
[Date "2019.12.01"]
[Round "4.4"]
[White "Otepka, Vladimir"]
[Black "Miciak, Emanuel"]
[Result "1-0"]
[WhiteElo "1737"]
[BlackElo "1817"]
[PlyCount "111"]
[EventDate "2019.10.13"]
[EventType "team-tourn"]
[EventRounds "11"]
[EventCountry "SVK"]
[SourceTitle "CBM 193 Extra"]
[Source "ChessBase"]
[SourceDate "2020.01.31"]
[SourceVersion "1"]
[SourceVersionDate "2020.01.31"]
[SourceQuality "1"]
[WhiteTeam "Myjava Spartak"]
[BlackTeam "Vrbove"]
[WhiteTeamCountry "SVK"]
[BlackTeamCountry "SVK"]

1. d4 d5 2. Nf3 Nf6 3. c4 c6 4. e3 Bf5 5. Nc3 e6 6. a3 Bd6 7. Bd3 Bg6 8. 0-0 Nbd7 9. Re1 Ne4 10. Qc2 f5 11. b3 Rc8 12. Bb2 0-0 13. Rac1 Bh5 14. Be2 Ndf6 15. h3 Nxc3 16. Qxc3 Ne4 17. Qd3 Bxf3 18. Bxf3 Bb8 19. Bd1 Qh4 20. Rc2 f4 21. Bf3 fxe3 22. Rxe3 Qf4 23. Bxe4 Qh2+ 24. Kf1 Qh1+ 25. Ke2 dxe4 26. Qxe4 Rce8 27. Rc1 Qh2 28. Rf3 Bf4 29. Rcc3 e5 30. d5 Qxg2 31. Bc1 Qg1 32. Be3 Qa1 33. Bc5 Rf7 34. a4 b6 35. Bd6 Rf6 36. c5 Rg6 37. dxc6 Rg1 38. Kd3 Qb1+ 39. Rc2 Rc1 40. Kc3 Qa1+ 41. Kc4 Rxc2+ 42. Qxc2 Qd4+ 43. Kb5 a6+ 44. Kxb6 Rc8 45. Kb7 Re8 46. Kc7 Qd5 47. Rd3 Qf7+ 48. Kb6 e4 49. Rd1 Bxd6 50. cxd6 Rb8+ 51. Kc5 Qa7+ 52. Kc4 Rb6 53. Kd5 Rb4 54. c7 Qb7+ 55. Qc6 Qc8 56. d7 1-0

[Event "SVK-chT3B2 1617"]
[Site "Slovakia"]
[Date "2017.01.29"]
[Round "7.4"]
[White "Hoferik, Stefan"]
[Black "Otepka, Vladimir"]
[Result "1/2-1/2"]
[WhiteElo "1866"]
[BlackElo "1779"]
[PlyCount "81"]
[EventDate "2016.10.16"]
[EventType "team-tourn"]
[EventRounds "11"]
[EventCountry "SVK"]
[SourceTitle "EXT 2018"]
[Source "ChessBase"]
[SourceDate "2017.10.13"]
[SourceVersion "1"]
[SourceVersionDate "2017.10.13"]
[SourceQuality "1"]
[WhiteTeam "Povazska Bystrica Sparta III"]
[BlackTeam "Myjava Spartak"]
[WhiteTeamCountry "SVK"]
[BlackTeamCountry "SVK"]

1. d4 Nf6 2. c4 e6 3. Nc3 d5 4. Bg5 Nbd7 5. Nf3 c6 6. e3 Bb4 7. cxd5 exd5 8. Bd3 Qa5 9. Qc2 0-0 10. 0-0 h6 11. Bh4 Re8 12. Nd2 a6 13. a3 Bd6 14. Bg3 Qc7 15. Rfe1 Nb6 16. Qb3 Bxg3 17. hxg3 Be6 18. Rac1 Nbd7 19. Qb4 b6 20. Na4 Rec8 21. Nf3 c5 22. dxc5 bxc5 23. Qd2 Qd6 24. Nc3 Qe7 25. Bb1 Nb6 26. Ne5 Qd6 27. f4 Rd8 28. Red1 Rac8 29. Qf2 Rc7 30. Rd2 Qe7 31. Rcd1 Qf8 32. Qe2 c4 33. Qf3 Qc5 34. Kh2 Bc8 35. Ne2 Bb7 36. Nd4 Re8 37. Rc1 Nbd7 38. Nd3 Qb6 39. Nf2 Nc5 40. Re1 Rce7 41. Ba2 1/2-1/2

[Event "SVK-chT3B2 1617"]
[Site "Slovakia"]
[Date "2016.11.13"]
[Round "3.4"]
[White "Duda, Daniel"]
[Black "Otepka, Vladimir"]
[Result "0-1"]
[WhiteElo "1590"]
[BlackElo "1779"]
[PlyCount "144"]
[EventDate "2016.10.16"]
[EventType "team-tourn"]
[EventRounds "11"]
[EventCountry "SVK"]
[SourceTitle "EXT 2018"]
[Source "ChessBase"]
[SourceDate "2017.10.13"]
[SourceVersion "1"]
[SourceVersionDate "2017.10.13"]
[SourceQuality "1"]
[WhiteTeam "Dubnica nad Vahom IV"]
[BlackTeam "Myjava Spartak"]
[WhiteTeamCountry "SVK"]
[BlackTeamCountry "SVK"]

1. d4 Nf6 2. Nf3 e6 3. Bf4 d5 4. Nbd2 c6 5. e3 Bd6 6. Bg3 Qc7 7. c3 Nbd7 8. Qc2 e5 9. dxe5 Nxe5 10. Nxe5 Bxe5 11. Nf3 Bd6 12. Bd3 Bg4 13. 0-0-0 0-0-0 14. Bf5+ Kb8 15. Bxg4 Nxg4 16. Qf5 Bxg3 17. Qxg4 Bd6 18. Nd4 g6 19. h3 h5 20. Qe2 Rde8 21. Kb1 f6 22. Rc1 Qf7 23. Rc2 Re7 24. Rhc1 a6 25. c4 Bc5 26. Nb3 Bb6 27. cxd5 Qxd5 28. Rd1 Qxg2 29. Nc5 Bxc5 30. Rxc5 Qxh3 31. Qd3 Qe6 32. Qxg6 Qe4+ 33. Qxe4 Rxe4 34. Rf5 Re6 35. Rh1 h4 36. Rf4 h3 37. Kc2 h2 38. Kd3 Rh3 39. Ke2 Rd6 40. Rd4 Kc7 41. Rg4 Rd5 42. Rg2 Rdh5 43. f4 Kd6 44. Kf2 Kd5 45. Rg3 Ke4 46. Kg2 Rxg3+ 47. Kxg3 Kxe3 48. Kg4 Rh8 49. Kf5 Rh4 50. Kxf6 Rxf4+ 51. Ke5 Rf2 52. Rc1 Rxb2 53. Rc3+ Kd2 54. Rh3 Kc1 55. Kd4 Rxa2 56. Kc4 Rb2 57. Kc3 a5 58. Kd4 a4 59. Rc3+ Rc2 60. Ra3 Kb2 61. Rh3 a3 62. Rh7 b5 63. Kd3 Rg2 64. Rh4 Kb3 65. Rh3 Kb2 66. Rh4 a2 67. Rb4+ Ka3 68. Rh4 a1Q 69. Rh3 Ka4 70. Rh4+ b4 71. Rh3 Qc3+ 72. Ke4 Qxh3 0-1

[Event "SVK-chT3B2 1516"]
[Site "Slovakia"]
[Date "2016.04.03"]
[Round "11.6"]
[White "Otepka, Vladimir"]
[Black "Poruban, Lubomir"]
[Result "1/2-1/2"]
[WhiteElo "1778"]
[BlackElo "1808"]
[PlyCount "146"]
[EventDate "2015.10.11"]
[EventType "team-tourn"]
[EventRounds "11"]
[EventCountry "SVK"]
[SourceTitle "EXT 2018"]
[Source "ChessBase"]
[SourceDate "2017.10.13"]
[SourceVersion "1"]
[SourceVersionDate "2017.10.13"]
[SourceQuality "1"]
[WhiteTeam "Myjava Spartak"]
[BlackTeam "Nemsova Horne Srnie"]
[WhiteTeamCountry "SVK"]
[BlackTeamCountry "SVK"]

1. d4 Nf6 2. c4 g6 3. Nc3 Bg7 4. e4 0-0 5. Be3 d6 6. Be2 Nc6 7. Qd2 Re8 8. h3 e5 9. d5 Ne7 10. 0-0-0 b6 11. Kb1 Nd7 12. g4 Nc5 13. h4 f6 14. Nh3 Bd7 15. Rdg1 Qc8 16. Bh6 Kh8 17. Bxg7+ Kxg7 18. f4 exf4 19. Qxf4 Ng8 20. h5 Re5 21. hxg6 hxg6 22. Nf2 g5 23. Qh2 Qe8 24. Qh7+ Kf8 25. Kc2 Re7 26. Qh8 Qg6 27. Rh3 Qg7 28. Rgh1 a6 29. Rh7 Qxh8 30. Rxh8 Rg7 31. b3 Be8 32. Kd2 Bg6 33. b4 Nd7 34. Nfd1 Re8 35. Bd3 Ne5 36. Be2 Ree7 37. R8h2 Nd7 38. Nf2 Re8 39. a3 Rge7 40. Bd3 Ne5 41. Be2 Kg7 42. Ncd1 Ra8 43. Ne3 Nf7 44. Nf5+ Bxf5 45. exf5 Rae8 46. Bd3 Ngh6 47. Rg1 Re3 48. Rh3 Rxh3 49. Nxh3 Ne5 50. Be2 a5 51. b5 Nd7 52. Nf2 Nc5 53. Bd1 Ne4+ 54. Nxe4 Rxe4 55. Kd3 Re5 56. Bf3 Nf7 57. Be4 Nd8 58. Rg3 Nb7 59. Kd4 Nc5 60. Re3 Kf7 61. Bc2 Kg8 62. Bd1 Nd7 63. Be2 Kf7 64. Kd3 Nc5+ 65. Kd4 Kg7 66. Bd1 Nd7 67. Be2 Kf7 68. Kd3 Kf8 69. Kd4 Nc5 70. Bd1 Kg7 71. Bc2 Nd7 72. Bd3 Rxe3 73. Kxe3 Ne5 1/2-1/2

[Event "SVK-chT3B2 1516"]
[Site "Slovakia"]
[Date "2016.03.20"]
[Round "10.4"]
[White "Rucek, Kristian"]
[Black "Otepka, Vladimir"]
[Result "0-1"]
[WhiteElo "1618"]
[BlackElo "1767"]
[PlyCount "148"]
[EventDate "2015.10.11"]
[EventType "team-tourn"]
[EventRounds "11"]
[EventCountry "SVK"]
[SourceTitle "EXT 2017"]
[Source "ChessBase"]
[SourceDate "2016.10.25"]
[SourceVersion "1"]
[SourceVersionDate "2016.10.25"]
[SourceQuality "1"]
[WhiteTeam "Belusa"]
[BlackTeam "Myjava Spartak"]
[WhiteTeamCountry "SVK"]
[BlackTeamCountry "SVK"]

1. e4 c5 2. Nf3 d6 3. Nc3 a6 4. d4 cxd4 5. Nxd4 Nf6 6. Bc4 e6 7. Bg5 Be7 8. Bxf6 Bxf6 9. 0-0 0-0 10. Qd3 Qc7 11. Bb3 Nc6 12. Nxc6 bxc6 13. Rab1 Bb7 14. Rfd1 Rfd8 15. Re1 d5 16. exd5 exd5 17. Qf3 Re8 18. Ba4 Re7 19. Rbd1 Rae8 20. Rxe7 Qxe7 21. Rf1 d4 22. Nd1 Qe6 23. Bb3 Qe4 24. Bxf7+ Kxf7 25. Qb3+ Kf8 26. Qxb7 Qxc2 27. Qxa6 Re2 28. Qa8+ Kf7 29. Qc8 Be7 30. Qg4 Bf6 31. Qh5+ Kg8 32. Ne3 g6 33. Nxc2 gxh5 34. Nb4 c5 35. Nd3 c4 36. Nf4 Rxb2 37. Nxh5 Kf7 38. Nf4 Rxa2 39. f3 d3 40. Rd1 Bd4+ 41. Kf1 Rf2+ 42. Ke1 Rc2 43. Nxd3 cxd3 44. Rxd3 Be5 45. f4 Bf6 46. Rd7+ Kg6 47. f5+ Kh6 48. Rd6 Kg5 49. Rd7 h6 50. Kf1 Kxf5 51. Rd5+ Kg6 52. h3 Kf7 53. Rd7+ Ke6 54. Rh7 Bg5 55. Ra7 Kf5 56. Ra4 Be3 57. Rg4 h5 58. Rg3 Bf4 59. Rf3 h4 60. Kg1 Ke4 61. Kf1 Bg3 62. Rf8 Ke3 63. Re8+ Kd2 64. Re2+ Kd1 65. Rxc2 Kxc2 66. Ke2 Kc3 67. Ke3 Bh2 68. Ke4 Kd2 69. Kf3 Bg3 70. Ke4 Ke2 71. Kf5 Kf2 72. Kg4 Kxg2 73. Kf5 Kxh3 74. Ke4 Kg2 0-1

[Event "SVK-chT3B2 1516"]
[Site "Slovakia"]
[Date "2016.02.07"]
[Round "7.6"]
[White "Otepka, Vladimir"]
[Black "Hoferik, Stefan"]
[Result "1/2-1/2"]
[WhiteElo "1767"]
[BlackElo "1882"]
[PlyCount "62"]
[EventDate "2015.10.11"]
[EventType "team-tourn"]
[EventRounds "11"]
[EventCountry "SVK"]
[SourceTitle "CBM 170 Extra"]
[Source "ChessBase"]
[SourceDate "2016.02.25"]
[SourceVersion "1"]
[SourceVersionDate "2016.02.25"]
[SourceQuality "1"]
[WhiteTeam "Myjava Spartak"]
[BlackTeam "Povazska Bystrica III"]
[WhiteTeamCountry "SVK"]
[BlackTeamCountry "SVK"]

1. d4 Nf6 2. c4 c5 3. Nf3 g6 4. Nc3 Bg7 5. e3 0-0 6. Be2 b6 7. 0-0 Bb7 8. Qc2 Na6 9. a3 d6 10. Rd1 Qc8 11. b3 Rd8 12. Bb2 cxd4 13. exd4 Nc7 14. b4 Ne6 15. Bc1 Nh5 16. Be3 Nhf4 17. Rac1 Nxe2+ 18. Qxe2 Nf8 19. Nd5 Bxd5 20. cxd5 Qb7 21. Rc6 e6 22. Rdc1 exd5 23. Rc7 Qb8 24. Qa6 Re8 25. Rb7 Qd8 26. Rcc7 Qf6 27. h3 Ne6 28. Rd7 Nf8 29. Rdc7 Ne6 30. Rd7 Nf8 31. Rdc7 Ne6 1/2-1/2

[Event "SVK-chT3B2 1415"]
[Site "Slovakia"]
[Date "2014.12.14"]
[Round "4.4"]
[White "Otepka, Vladimir"]
[Black "Geschwandtner, Juraj"]
[Result "1-0"]
[WhiteElo "1810"]
[BlackElo "1918"]
[PlyCount "101"]
[EventDate "2014.10.05"]
[EventType "team-tourn"]
[EventRounds "14"]
[EventCountry "SVK"]
[SourceTitle "EXT 2019"]
[Source "ChessBase"]
[SourceDate "2018.10.10"]
[SourceVersion "1"]
[SourceVersionDate "2018.10.10"]
[SourceQuality "1"]

1. d4 d5 2. c4 Nf6 3. Nc3 c6 4. Nf3 e6 5. Bg5 Be7 6. e3 0-0 7. Bd3 h6 8. Bh4 Nbd7 9. a3 a5 10. Rc1 Re8 11. 0-0 c5 12. Nb5 b6 13. Bg3 Rf8 14. Bc7 Qe8 15. Nd6 Bxd6 16. Bxd6 Bb7 17. Bxf8 Nxf8 18. cxd5 cxd4 19. Nxd4 Nxd5 20. Bb5 Qe7 21. Bc6 Ng6 22. Bxb7 Qxb7 23. Qc2 Rf8 24. Qc6 Qe7 25. Nb5 Qg5 26. Qd6 Nxe3 27. fxe3 Qxb5 28. Rc2 Qb3 29. Qd2 Qb5 30. Qc3 Qg5 31. Re2 Ne7 32. Qd3 Nd5 33. Rf3 Rc8 34. Ref2 Nf6 35. h3 Qe5 36. Rc2 Rc5 37. Rxc5 Qxc5 38. Qc3 Qd6 39. Qd4 Qc7 40. Qc3 Qd6 41. Rf1 Qg3 42. Rf3 Qd6 43. Qd4 Qc7 44. Rf2 Qc1+ 45. Rf1 Qc7 46. Rd1 Qc6 47. Qc3 Qe4 48. Rd8+ Kh7 49. Qd3 Qg6 50. Qxg6+ Kxg6 51. Rb8 1-0

[Event "Senica op 6th"]
[Site "Senica"]
[Date "2014.08.30"]
[Round "5"]
[White "Otepka, Vladimir"]
[Black "Svec, Jakub"]
[Result "1-0"]
[WhiteElo "1810"]
[BlackElo "1385"]
[PlyCount "101"]
[EventDate "2014.08.27"]
[EventType "swiss"]
[EventRounds "7"]
[EventCountry "SVK"]
[SourceTitle "EXT 2016"]
[Source "ChessBase"]
[SourceDate "2015.10.08"]
[SourceVersion "1"]
[SourceVersionDate "2015.10.08"]
[SourceQuality "1"]

1. d4 d5 2. c4 c6 3. Nc3 Nf6 4. Nf3 Bf5 5. e3 e6 6. Bd3 Bg4 7. h3 Bh5 8. Bd2 Nbd7 9. 0-0 Nb6 10. b3 dxc4 11. bxc4 Be7 12. Qe2 0-0 13. a4 a5 14. Ne4 Qd7 15. Ng3 Bxf3 16. Qxf3 c5 17. Bc3 Nxa4 18. Bd2 cxd4 19. exd4 b6 20. Rfe1 Rac8 21. Reb1 Rfd8 22. Be3 Bb4 23. Ne2 Nc3 24. Rc1 Nxe2+ 25. Qxe2 h6 26. Qc2 Kh8 27. Rd1 Qc6 28. f3 Bd6 29. Qf2 Qc7 30. f4 Nh5 31. g3 Ra8 32. Qf3 Nf6 33. g4 a4 34. g5 hxg5 35. fxg5 Nh7 36. Rf1 Rf8 37. h4 Bh2+ 38. Kg2 a3 39. Ra2 Bd6 40. Rh1 e5 41. h5 exd4 42. Qf5 g6 43. Bxd4+ f6 44. hxg6 Rae8 45. Rxh7+ Qxh7 46. gxh7 Be7 47. gxf6 Rf7 48. Qe6 b5 49. fxe7+ Rg7+ 50. Bxg7+ Kxg7 51. Qg6+ 1-0

[Event "Senica op 6th"]
[Site "Senica"]
[Date "2014.08.30"]
[Round "6"]
[White "Tomcikova, Zuzana"]
[Black "Otepka, Vladimir"]
[Result "1/2-1/2"]
[WhiteElo "1546"]
[BlackElo "1810"]
[PlyCount "41"]
[EventDate "2014.08.27"]
[EventType "swiss"]
[EventRounds "7"]
[EventCountry "SVK"]
[SourceTitle "EXT 2016"]
[Source "ChessBase"]
[SourceDate "2015.10.08"]
[SourceVersion "1"]
[SourceVersionDate "2015.10.08"]
[SourceQuality "1"]

1. e4 c5 2. Nf3 Nc6 3. d4 cxd4 4. Nxd4 Nf6 5. Nc3 d6 6. Bc4 e6 7. Be3 Be7 8. 0-0 0-0 9. f3 Bd7 10. Qd2 a6 11. a3 Rc8 12. Bb3 Qc7 13. Rad1 Na5 14. Qf2 Nc4 15. Bxc4 Qxc4 16. Nb3 Qc7 17. Bb6 Qb8 18. Rfe1 Bc6 19. Ba7 Qc7 20. Bb6 Qb8 21. Ba7 1/2-1/2

[Event "Senica op 6th"]
[Site "Senica"]
[Date "2014.08.27"]
[Round "1"]
[White "Otepka, Vladimir"]
[Black "Vozarova, Adriana"]
[Result "1/2-1/2"]
[WhiteElo "1810"]
[BlackElo "1349"]
[PlyCount "122"]
[EventDate "2014.08.27"]
[EventType "swiss"]
[EventRounds "7"]
[EventCountry "SVK"]
[SourceTitle "EXT 2016"]
[Source "ChessBase"]
[SourceDate "2015.10.08"]
[SourceVersion "1"]
[SourceVersionDate "2015.10.08"]
[SourceQuality "1"]

1. d4 d5 2. c4 c6 3. Nc3 Nf6 4. Nf3 e6 5. Bg5 Be7 6. e3 Nbd7 7. Bd3 dxc4 8. Bxc4 b5 9. Bb3 h6 10. Bh4 Bb7 11. 0-0 0-0 12. h3 Rc8 13. Rc1 Ba6 14. Re1 c5 15. dxc5 Rxc5 16. Bg3 Re8 17. Bd6 Bxd6 18. Qxd6 Bb7 19. Nd4 Qa8 20. f3 Rec8 21. Nce2 e5 22. Nf5 R8c7 23. Ne7+ Kh7 24. Bxf7 e4 25. Bg6+ Kh8 26. f4 Qb8 27. Rxc5 Nxc5 28. Rc1 Na6 29. Rd1 Rd7 30. Qxb8+ Nxb8 31. Rxd7 Nbxd7 32. Nd4 a6 33. Ndf5 Nc5 34. Nd6 Bd5 35. Bf7 Bxf7 36. Nxf7+ Kh7 37. Ne5 Nd3 38. g4 Nxb2 39. h4 Nd3 40. g5 hxg5 41. hxg5 Nxe5 42. gxf6 Nf3+ 43. Kf2 gxf6 44. Nd5 Kg6 45. Nc7 b4 46. Nxa6 Nd2 47. Nxb4 Nc4 48. a4 Kf7 49. Nc6 Ke8 50. Ke2 Kd7 51. Nd4 Kc7 52. Ne6+ Kb6 53. Nf8 Ka5 54. Nd7 f5 55. Ne5 Nd6 56. Kd2 Kxa4 57. Kc3 Kb5 58. Kd4 Kb6 59. Nc4+ Nxc4 60. Kxc4 Kc6 61. Kd4 Kd6 1/2-1/2

[Event "SVK-chT2B 1213"]
[Site "Slovakia"]
[Date "2013.03.16"]
[Round "10.4"]
[White "Spik, Peter"]
[Black "Otepka, Vladimir"]
[Result "1-0"]
[WhiteElo "2086"]
[BlackElo "1813"]
[PlyCount "101"]
[EventDate "2012.10.13"]
[EventType "team-tourn"]
[EventRounds "11"]
[EventCountry "SVK"]
[SourceTitle "EXT 2015"]
[Source "ChessBase"]
[SourceDate "2014.11.20"]
[SourceVersion "1"]
[SourceVersionDate "2014.11.20"]
[SourceQuality "1"]
[WhiteTeam "Sala"]
[BlackTeam "Myjava Spartak"]
[WhiteTeamCountry "SVK"]
[BlackTeamCountry "SVK"]

1. d4 Nf6 2. c4 e6 3. Nc3 d5 4. Bg5 Nbd7 5. e3 c6 6. a3 a6 7. Nf3 Be7 8. Bd3 0-0 9. h3 Re8 10. Bf4 dxc4 11. Bxc4 Nb6 12. Bd3 Nfd5 13. Bg3 Bf6 14. Ne4 Be7 15. 0-0 Nf6 16. Rc1 Nbd5 17. Bb1 Nxe4 18. Bxe4 Bd6 19. Bxd6 Qxd6 20. Bb1 Nf6 21. Qc2 g6 22. Rfd1 Bd7 23. Ne5 Rac8 24. Nc4 Qc7 25. Qe2 b5 26. Ne5 Qd6 27. Qf3 Kg7 28. Rc5 Rc7 29. Qf4 Rec8 30. Nxg6 Qxf4 31. Nxf4 Be8 32. b4 h6 33. Nh5+ Nxh5 34. Rxh5 f5 35. Rh4 Kg6 36. Rg4+ Kh7 37. Rf4 Bd7 38. g4 Kg6 39. gxf5+ exf5 40. Rc1 Rf8 41. Rc5 Rf6 42. Kh2 Rc8 43. Kg3 Rg8 44. Rg4+ Kh7 45. Rxg8 Kxg8 46. Kf4 Kg7 47. Bxf5 Bxf5 48. Rxf5 Rg6 49. e4 Rg1 50. Rc5 Ra1 51. Rc3 1-0

[Event "SVK-chT3B2 1112"]
[Site "Slovakia"]
[Date "2011.10.23"]
[Round "1.5"]
[White "Marak, Peter"]
[Black "Otepka, Vladimir"]
[Result "1-0"]
[WhiteElo "1883"]
[BlackElo "1878"]
[PlyCount "115"]
[EventDate "2011.10.23"]
[EventType "team-tourn"]
[EventRounds "9"]
[EventCountry "SVK"]
[SourceTitle "EXT 2013"]
[Source "ChessBase"]
[SourceDate "2012.11.22"]
[SourceVersion "1"]
[SourceVersionDate "2012.11.22"]
[SourceQuality "1"]
[WhiteTeam "Nove Mesto nad Vahom"]
[BlackTeam "Myjava Spartak"]
[WhiteTeamCountry "SVK"]
[BlackTeamCountry "SVK"]

1. Nf3 Nf6 2. g3 g6 3. Bg2 Bg7 4. 0-0 0-0 5. d4 d5 6. c3 c6 7. Bg5 Nbd7 8. Nbd2 Re8 9. Re1 h6 10. Bxf6 Nxf6 11. e4 dxe4 12. Nxe4 Nxe4 13. Rxe4 Bf5 14. Re1 Bg4 15. Qb3 Qb6 16. Qxb6 axb6 17. a3 b5 18. h3 Be6 19. Ne5 Rad8 20. Re3 Bd5 21. Rae1 e6 22. Nd3 Bf8 23. Nf4 Bxg2 24. Kxg2 Kg7 25. Nd3 Bd6 26. f4 Rc8 27. Kf3 b6 28. Rd1 Red8 29. Nf2 Be7 30. Red3 Rd5 31. Ng4 h5 32. Ne3 Rdd8 33. R3d2 Rd7 34. Ke4 Rcd8 35. Kf3 c5 36. d5 c4 37. Ke2 Bc5 38. dxe6 Rxd2+ 39. Rxd2 Rxd2+ 40. Kxd2 fxe6 41. Nf1 Kf6 42. Ke2 Kf5 43. Kf3 Kf6 44. Ke4 Bf2 45. g4 hxg4 46. hxg4 Be1 47. g5+ Kf7 48. Kf3 Ke7 49. Ke2 Bh4 50. Nd2 Kd6 51. Nf3 Bg3 52. Ke3 Kd5 53. Ne5 Bh2 54. Nxg6 Bg1+ 55. Kf3 Bc5 56. Ne5 Be7 57. g6 Kd6 58. g7 1-0

[Event "Senica op 3rd"]
[Site "Senica"]
[Date "2011.08.28"]
[Round "9"]
[White "Otepka, Vladimir"]
[Black "Paulicka, Ivan"]
[Result "0-1"]
[WhiteElo "1878"]
[BlackElo "1836"]
[PlyCount "115"]
[EventDate "2011.08.21"]
[EventType "swiss"]
[EventRounds "9"]
[EventCountry "SVK"]
[SourceTitle "CBM 144 Extra"]
[Source "ChessBase"]
[SourceDate "2011.10.28"]
[SourceVersion "1"]
[SourceVersionDate "2011.10.28"]
[SourceQuality "1"]

1. d4 Nf6 2. c4 e5 3. d5 Bc5 4. Nc3 a6 5. Nf3 d6 6. Bg5 0-0 7. e3 Bf5 8. Bd3 Bxd3 9. Qxd3 Nbd7 10. a3 Qe8 11. Nd2 Ba7 12. b4 e4 13. Ndxe4 Nxe4 14. Qxe4 Qe5 15. Qxe5 Nxe5 16. 0-0 Nxc4 17. Ra2 Rfe8 18. Re1 Bd4 19. Ne2 Bb2 20. Rd1 h6 21. Bh4 g5 22. Bg3 b5 23. Rd3 Bg7 24. Rc2 Rac8 25. h4 f5 26. Nd4 Bxd4 27. Rxd4 Kf7 28. Rc3 Kg6 29. Kf1 Re4 30. Rxe4 Nd2+ 31. Ke1 Nxe4 32. Rc6 Nxg3 33. fxg3 Kf6 34. Kd2 Ke5 35. Kd3 Kxd5 36. Rxa6 Re8 37. a4 Re4 38. hxg5 hxg5 39. Ra8 Rxb4 40. a5 Rg4 41. a6 Kc6 42. Rb8 Ra4 43. Rf8 Ra3+ 44. Kd4 Ra4+ 45. Kd3 Rxa6 46. Rxf5 Ra3+ 47. Kd4 Ra2 48. Rxg5 Rxg2 49. Kc3 Rg1 50. e4 Rc1+ 51. Kd2 Rc4 52. Ke3 b4 53. Rg8 Kc5 54. g4 Rc3+ 55. Kd2 Kc4 56. g5 b3 57. Rb8 Rc2+ 58. Kd1 0-1